1634 1883 1331 1367 1735 1929 1623 1449 1552 1465 1284 1351 1334 1181 1336 1871 1642 1818 1655 1623 1333 1342 1783 1983 1458 1269 1984 1700 1866 1576 1976 1172 1199 1591 1175 1244 1767 1464 1378 1885 1895 1579 1773 1195 1159 1841 1218 1753 1003 1272 1558 1687 1102 1874 1597 1316 1912 1369 1173 1323 1336 1468 1177 1973 1564 1359 1762 1447 1196 1344 1078 1285 1555 1674 1219 1060 1161 1110 1749 1521 1328 1435 1926 1954 1202 1917 1958 1271 1856 1239 1943 1630 1828 1444 1823 1889 1845 1240 1206 BCNSPRNW ULIB Ver.6.0+V

เปลี่ยนเป็นภาษาไทย

Change to English
 แสดงรายละเอียดบรรณานุกรม
  กลับหน้าหลัก

Brief Record : Get Marc (ISO 2709) : E-mail record : QR code < ปิดหน้าต่าง
LEADER : 00000nam 2200000uu 4500
001    13399122674
003     ULIB
008    020711s2555 th a 000 0 tha d
020    9786165143264
060  4 WS113^bพ639ก
100    พิชญวดี สุกฤตศิลป์
245    1001 กิจกรรมสร้าง IO และ EQ ให้ลูกเป็นอัจฉริยะ. /^cโดย พิชญวดี สุกฤตศิลป์
250    พิมพ์ครั้งที่ 1
260    กรุงเทพฯ :^bไทยควอลิตี้บุคส์,^c2555
300    336 หน้า
650    เลี้ยงลูก
650    ความฉลาดทางอารมณ์
945    ^p220^l0^i20127
999    ^aทศพร เกษรทอง
รายการนี้ยังไม่มีแท็ก
คุณยังไม่ได้ล็อกอิน คุณสามารถมีกิจกรรมร่วมกับเว็บไซต์ได้ แต่ต้องล็อกอินก่อน ::
  ล็อกอิน

รายการสื่อสารสนเทศ

ลำดับที่ ประเภท เลขเรียก/บาร์โค้ด สถานที่ สถานะ
1. วิทยาศาสตร์การแพทย์ และสุขภาพ
วิทยาศาสตร์การแพทย์ และสุขภาพ
สถานะ=หนังสือเก่า
WS113 พ639ก ฉ.1 
  Barcode: 20127
ห้องสมุดวิทยาเขตนครสวรรค์
►ส่วนจัดเก็บหนังสือเก่า นว.
บนชั้น
  ขอยืม

รายการใกล้เคียง
    ผู้แต่ง [พิชญวดี สุกฤตศิลป์]

    หัวเรื่อง [เลี้ยงลูก]
    หัวเรื่อง [ความฉลาดทางอารมณ์]

BibComment


ยังไม่เคยถูกคอมเมนท์

คอมเมนท์ทรัพยากรรายการนี้
  คอมเมนท์: 1001 กิจกรรมสร้าง..


 Copyright 2026. Bcnsprnw @Library